000 00656nam a22002177a 4500
003 LK-CoMWRAF
005 20240527152812.0
008 240309b |||||||| |||| 00| 0 eng d
040 _aLK-CoMWRAF
_dLK-CoMWRAF
_eLK-CoMWRAF
041 _aeng
082 _a303.6
_bASH
100 _aAshraff, M.H.M.
245 _aIs Jihad the alternative?
260 _aColombo:
_bSLMC,
_c1992
300 _a[unnumbered pg.]
490 _aSLMC(English) publication series
_vNo.1
520 _aSpeech delivered by Alhaj M.H.M. Ashraff on 23.07.1992 in the parliament.
650 _aEHNUC CONFLICT-Sri Lanka
650 _aMinority issues-Muslims-Sri Lanka
942 _cBK
999 _c4847
_d4847